Alegría provisoria
Saved in:
| Hovedforfatter: | |
|---|---|
| Format: | Bog |
| Sprog: | spansk |
| Udgivet: |
Santiago
Nascimiento
1968
|
| Serier: | Colección Vilanos
|
| Fag: | |
| Tags: |
Tilføj Tag
Ingen Tags, Vær først til at tagge denne postø!
|
MARC
| LEADER | 00000nam a2200000 a 4500 | ||
|---|---|---|---|
| 001 | UCX4775 | ||
| 003 | CL-VaPUC | ||
| 008 | 920729e19680000CL |||||||||||||||||spa|d | ||
| 082 | 0 | 4 | |a Ch862 |b ALC |2 21 |
| 100 | 0 | |a Alcalde, Alfonso |e author |9 321055 | |
| 245 | 1 | 0 | |a Alegría provisoria |
| 300 | |a 174 p | ||
| 942 | |c BK | ||
| 945 | |d 19920729 00:00:00 | ||
| 260 | |a Santiago |b Nascimiento |c 1968 | ||
| 650 | 0 | |a Dramas chilenos |9 313819 | |
| 583 | |a last modification |c 19920729 00:00:00 |k Rodrigo Vera | ||
| 490 | 0 | |a Colección Vilanos | |
| 999 | |c 225172 |d 225170 | ||
| 952 | |0 0 |1 0 |4 0 |6 CH_862_000000000000000_ALC_1968 |7 0 |8 A |9 222481 |a BIBEDU |b BIBEDU |d 2019-11-15 |i 2912880 |o Ch862 ALC 1968 |p 2912880 |r 2019-11-15 |w 2019-11-15 |y BK |k LIT | ||